[Event "Budapest FS08 FM"]
[Site "Budapest"]
[Date "2017.08.05"]
[Round "1"]
[White "Eperjesi, Laszlo"]
[Black "Danar Jamaj, Qadir Ghaffoori"]
[Result "1-0"]
[WhiteElo "2098"]
[BlackElo "1944"]
[PlyCount "93"]
[EventDate "2017.08.05"]
[EventType "tourn"]
[EventRounds "9"]
[EventCountry "HUN"]
[SourceTitle "CBM 180 Extra"]
[Source "ChessBase"]
[SourceDate "2017.10.06"]
[SourceVersion "1"]
[SourceVersionDate "2017.10.06"]
[SourceQuality "1"]

1. d4 d5 2. Nf3 Nf6 3. c4 e6 4. Nc3 c5 5. cxd5 exd5 6. e3 Be7 7. Be2 0-0 8. 0-0 Nc6 9. dxc5 Bxc5 10. b3 h6 11. Bb2 Be6 12. Rc1 Be7 13. Nb5 Rc8 14. Nfd4 Nxd4 15. Nxd4 Rxc1 16. Qxc1 Bd7 17. Ba3 Re8 18. Bxe7 Qxe7 19. Qc7 Qb4 20. a3 Qxa3 21. Qxb7 Rc8 22. h3 a5 23. Bb5 Qd6 24. Bxd7 Qxd7 25. Qxd7 Nxd7 26. Ra1 Rc5 27. Kf1 g6 28. Ke2 Kg7 29. Kd2 Kf6 30. f4 Ke7 31. Rxa5 Rxa5 32. Nc6+ Kd6 33. Nxa5 Nc5 34. b4 Ne6 35. Kd3 f5 36. Nb3 Nc7 37. Nd4 Na6 38. Kc3 Nb8 39. Nf3 Nd7 40. Kd4 Nf8 41. Ne5 Ne6+ 42. Kd3 g5 43. Nf7+ Kc6 44. Nxh6 gxf4 45. Nxf5 fxe3 46. Kxe3 Kb5 47. Nd4+ 1-0

[Event "Arab Clubs-chT"]
[Site "Monastir"]
[Date "2013.11.08"]
[Round "7.1"]
[White "Danar Jamaj, Qadir Ghaffoori"]
[Black "Arab, Adlane"]
[Result "0-1"]
[WhiteElo "2070"]
[BlackElo "2432"]
[PlyCount "64"]
[EventDate "2013.11.04"]
[EventType "team-tourn"]
[EventRounds "9"]
[EventCountry "TUN"]
[SourceTitle "EXT 2014"]
[Source "ChessBase"]
[SourceDate "2013.11.20"]
[SourceVersion "1"]
[SourceVersionDate "2013.11.20"]
[SourceQuality "1"]
[WhiteTeam "Khanzad"]
[BlackTeam "ASSN"]
[WhiteTeamCountry "IRQ"]
[BlackTeamCountry "ALG"]

1. e4 c5 2. Nf3 Nc6 3. d4 cxd4 4. Nxd4 Qb6 5. Nb3 Nf6 6. Nc3 e6 7. Be3 Qc7 8. a3 a6 9. Be2 b5 10. 0-0 Be7 11. f4 d6 12. Bf3 Bb7 13. Kh1 0-0 14. Qe1 Rfe8 15. Qf2 Rac8 16. g4 Bf8 17. g5 Nd7 18. Bg2 g6 19. h4 Bg7 20. h5 Ne7 21. Nd4 e5 22. Nde2 f5 23. gxf6 Nxf6 24. fxe5 dxe5 25. h6 Bh8 26. Bh3 Qc4 27. b3 Nxe4 28. Qf3 Nf2+ 29. Rxf2 Bxf3+ 30. Rxf3 Qc6 31. Bg2 e4 32. Rf4 Bxc3 0-1

[Event "Arab Clubs-chT"]
[Site "Monastir"]
[Date "2013.11.05"]
[Round "3.1"]
[White "Danar Jamaj, Qadir Ghaffoori"]
[Black "Amin, Bassem"]
[Result "0-1"]
[WhiteElo "2070"]
[BlackElo "2652"]
[PlyCount "135"]
[EventDate "2013.11.04"]
[EventType "team-tourn"]
[EventRounds "9"]
[EventCountry "TUN"]
[SourceTitle "EXT 2014"]
[Source "ChessBase"]
[SourceDate "2013.11.20"]
[SourceVersion "1"]
[SourceVersionDate "2013.11.20"]
[SourceQuality "1"]
[WhiteTeam "Khanzad"]
[BlackTeam "Sharkia Dokhan"]
[WhiteTeamCountry "IRQ"]
[BlackTeamCountry "EGY"]

1. e4 e5 2. Nf3 Nc6 3. Bb5 a6 4. Ba4 Nf6 5. 0-0 Be7 6. Re1 b5 7. Bb3 0-0 8. c3 d6 9. h3 Nb8 10. d4 Nbd7 11. Nbd2 Bb7 12. Bc2 Re8 13. Nf1 Bf8 14. Ng3 g6 15. Bg5 h6 16. Bd2 Bg7 17. dxe5 dxe5 18. Be3 Qe7 19. Qd2 Kh7 20. Rad1 Nc5 21. Bxc5 Qxc5 22. Qe3 Qe7 23. Rd2 Red8 24. Red1 Ne8 25. Rxd8 Rxd8 26. Rxd8 Qxd8 27. Qc5 f6 28. a4 Nd6 29. axb5 axb5 30. Nd2 Bf8 31. Nb3 h5 32. h4 Ba8 33. Qa7 Nc4 34. Nc5 Qc8 35. b3 Nb6 36. b4 Bc6 37. Bb3 Bd6 38. Be6 Qe8 39. Bb3 Qa8 40. Qxa8 Bxa8 41. Nd3 Na4 42. c4 bxc4 43. Bxc4 Bb7 44. b5 Nc3 45. f3 Bc8 46. Nf1 Bd7 47. Nd2 Nxb5 48. Nb3 Nc3 49. Nbc5 Bc6 50. Kf2 f5 51. exf5 gxf5 52. Ne6 Kg6 53. Nd8 Be8 54. Nb7 Kf6 55. Ke3 Bc6 56. Na5 Ba8 57. Nb3 Nd5+ 58. Kf2 e4 59. Ndc5 e3+ 60. Ke2 Nf4+ 61. Kxe3 Nxg2+ 62. Kf2 Nxh4 63. Be2 Kg6 64. Nd3 Bd5 65. Nbc5 f4 66. Nd7 Be6 67. N7c5 Bf5 68. Nb3 0-1